1075 1138 1868 1057 1444 1447 1986 1485 1156 1053 1844 1711 1755 1963 1209 1332 1928 1317 1269 1647 1808 1282 1439 1830 1806 1542 1330 1260 1912 1785 1719 1405 1588 1442 1097 1570 1182 1698 1620 1217 1411 1074 1010 1827 1558 1043 1729 1924 1171 1173 1453 1173 1596 1257 1400 1641 1232 1552 1050 1166 1991 1885 1658 1035 1173 1098 1954 1262 1143 1766 1993 1353 1121 1469 1284 1780 1845 1994 1473 1332 1237 1273 1702 1741 1054 1387 1912 1272 1647 1205 1376 1206 1651 1724 1227 1771 1486 1656 1580 BCNSPRNW ULIB Ver.6.0+V

เปลี่ยนเป็นภาษาไทย

Change to English
 แสดงรายละเอียดบรรณานุกรม
  กลับหน้าหลัก

Brief Record : Get Marc (ISO 2709) : E-mail record : QR code < ปิดหน้าต่าง
LEADER : 00000nam 2200000uu 4500
001    13399123505
003     ULIB
008    141001s2555||||th 000 0 tha d
020    9786163212825
060 04 WM420^bท446จ
100 0  ทินกร วงศ์ปการันย์
245 10 จิตบำบัด :^bทฤษฎีและเทคนิค = Psychotherapy : theoriesand techniques /^cทินกร วงศ์ปการันย์
246 31 Psychotherapy :^btheories and techniques
250    พิมพ์ครั้งที่ 3
260    เชียงใหม่:^bภาควิชาจิตเวชศาสตร์ คณะแพทยศาสตร์มหาวิทยาลัยเชียงใหม่,^c2555
300    xviii, 318 หน้า :^bภาพประกอบ ;^c21 ซม.
650  7 จิตบำบัด
710 2  มหาวิทยาลัยเชียงใหม่. ^bคณะแพทยศาสตร์.^bภาควิชาจิตเวชศาสตร์
945    ^p320^l0^i20896
945    ^p320^l0^i20897
945    ^p320^l0^i20898
945    ^p320^l0^i20899
945    ^p320^l0^i20900
995    ทศพร
999 ^a ใช้งานได้ทุกระบบ
รายการนี้ยังไม่มีแท็ก
คุณยังไม่ได้ล็อกอิน คุณสามารถมีกิจกรรมร่วมกับเว็บไซต์ได้ แต่ต้องล็อกอินก่อน ::
  ล็อกอิน

รายการสื่อสารสนเทศ

ลำดับที่ ประเภท เลขเรียก/บาร์โค้ด สถานที่ สถานะ
1. วิทยาศาสตร์การแพทย์ และสุขภาพ
วิทยาศาสตร์การแพทย์ และสุขภาพ
สถานะ=หนังสือเก่า
WM420 ท446จ ฉ.1 
  Barcode: 20896
ห้องสมุดวิทยาเขตนครสวรรค์
►ส่วนจัดเก็บหนังสือเก่า นว.
บนชั้น
  ขอยืม
2. วิทยาศาสตร์การแพทย์ และสุขภาพ
วิทยาศาสตร์การแพทย์ และสุขภาพ
สถานะ=หนังสือเก่า
WM420 ท446จ ฉ.2 
  Barcode: 20897
ห้องสมุดวิทยาเขตนครสวรรค์
►ส่วนจัดเก็บหนังสือเก่า นว.
บนชั้น
  ขอยืม
3. วิทยาศาสตร์การแพทย์ และสุขภาพ
วิทยาศาสตร์การแพทย์ และสุขภาพ
สถานะ=หนังสือเก่า
WM420 ท446จ ฉ.3 
  Barcode: 20898
ห้องสมุดวิทยาเขตนครสวรรค์
►ส่วนจัดเก็บหนังสือเก่า นว.
บนชั้น
  ขอยืม
4. วิทยาศาสตร์การแพทย์ และสุขภาพ
วิทยาศาสตร์การแพทย์ และสุขภาพ
สถานะ=หนังสือเก่า
WM420 ท446จ ฉ.4 
  Barcode: 20899
ห้องสมุดวิทยาเขตนครสวรรค์
►ส่วนจัดเก็บหนังสือเก่า นว.
บนชั้น
  ขอยืม
5. วิทยาศาสตร์การแพทย์ และสุขภาพ
วิทยาศาสตร์การแพทย์ และสุขภาพ
สถานะ=หนังสือเก่า
WM420 ท446จ ฉ.5 
  Barcode: 20900
ห้องสมุดวิทยาเขตนครสวรรค์
►ส่วนจัดเก็บหนังสือเก่า นว.
บนชั้น
  ขอยืม

รายการใกล้เคียง
    ผู้แต่ง [ทินกร วงศ์ปการันย์]

    หัวเรื่อง [จิตบำบัด]

BibComment


ยังไม่เคยถูกคอมเมนท์

คอมเมนท์ทรัพยากรรายการนี้
  คอมเมนท์: จิตบำบัด ทฤษฎีแล..


 Copyright 2026. Bcnsprnw @Library